Loading...
| Science - Biology | 0 | 4 | 0 | 1 | 40 | 75 | 97.50 | 1 | 1 | 0.00 | 0.00 |
| Science - Other | 0 | 4 | 1 | 0 | 35 | 79 | 92.75 | 0 | 2 | 0.00 | 0.00 |
| Science - Chemistry | 0 | 4 | 2 | 0 | 30 | 79 | 93.50 | 1 | 2 | 0.00 | 0.00 |
| Fine Arts - Visual | 0 | 3 | 1 | 2 | 25 | 108 | 118.00 | 0 | 1 | 0.00 | 0.00 |
| Science - Physics | 0 | 3 | 1 | 2 | 25 | 77 | 86.67 | 1 | 2 | 0.00 | 0.00 |
| Social Science | 0 | 2 | 1 | 0 | 15 | 85 | 100.50 | 0 | 1 | 0.00 | 0.00 |
| Literature - European | 0 | 2 | 1 | 0 | 15 | 115 | 129.50 | 0 | 0 | 0.00 | 0.00 |
| Literature - World/Other | 0 | 1 | 0 | 0 | 10 | 127 | 127.00 | 0 | 1 | 0.00 | 0.00 |
| History - World | 0 | 1 | 0 | 1 | 10 | 121 | 121.00 | 0 | 0 | 0.00 | 0.00 |
| Literature - American | 0 | 1 | 0 | 0 | 10 | 127 | 127.00 | 0 | 1 | 0.00 | 0.00 |
| Fine Arts - Classical Music | 0 | 1 | 0 | 0 | 10 | 111 | 111.00 | 0 | 0 | 0.00 | 0.00 |
| Religion | 0 | 1 | 0 | 0 | 10 | 29 | 29.00 | 1 | 1 | 0.00 | 0.00 |
| Literature - British | 0 | 1 | 1 | 0 | 5 | 122 | 122.00 | 0 | 0 | 0.00 | 0.00 |
| Fine Arts - Other | 0 | 1 | 1 | 1 | 5 | 135 | 135.00 | 0 | 0 | 0.00 | 0.00 |